00397nam a2200157Ia 450000500170000000800410001704000190005804100120007708200130008910000200010224500430012226000270016530000110019265000260020385000100022920260615135804.0131103s9999 xx 000 0 und d aLoreto College aEnglish a847bDAN aDaninos, Pierre aTout l'humour du mondecPierre Daninos a[s.l.]bHachettec1958 a224p.  aFrench humor & satire aLCLIB